00479nam a2200145Ia 4500008004100000041000800041082001600049100001500065245004500080260003200125300002900157365001100186999001500197952012100212240624s9999 xx 000 0 und d aeng a658.314 ADA aADAIR JOHN aART OF CREATIVE THINKING HOW TO BE INNOV c2007aNew DelhibKogan Page ax, : 133 : p. : cm. ; 21 cRSb32 c7611d7611 00104070aIMTNbIMTNcRack 26-Ad2007-12-04eAPg195.00o658.314 ADAp7611r2024-06-24 00:00:00t1w2024-06-24yBK